[Event "FIDE Open Sachove Univerzity QCC"]
[Site "Ceske Budejovice"]
[Date "2020.07.06"]
[Round "6.6"]
[White "Skalicky, Jindrich"]
[Black "Policar, Martin"]
[Result "0-1"]
[WhiteElo "1165"]
[BlackElo "1258"]
[Annotator "NA"]
[PlyCount "132"]
[EventDate "2020.07.01"]
[EventType "swiss"]
[EventCountry "CZE"]
[SourceTitle "playchess.com"]
[Source "ChessBase"]
[SourceQuality "1"]
[TimeControl "40/5400+30:1800+30"]

1. Nf3 {[%emt 0:00:00]} d5 {[%emt 0:00:00]} 2. c4 {[%emt 0:00:00]} e6 {[%emt 0:00:46]} 3. d4 {[%emt 0:00:00]} c5 {[%emt 0:01:25]} 4. e3 {[%emt 0:00:50]} Nf6 {[%emt 0:02:16]} 5. cxd5 {[%emt 0:00:45]} exd5 {[%emt 0:00:39]} 6. Be2 {[%emt 0:01:16]} Nc6 {[%emt 0:04:31]} 7. O-O {[%emt 0:00:55]} Bf5 {[%emt 0:00:42]} 8. a3 {[%emt 0:02:45]} Rc8 {[%emt 0:05:17]} 9. Nc3 {[%emt 0:01:36]} c4 {[%emt 0:01:47]} 10. b3 {[%emt 0:03:44]} Na5 {[%emt 0:15:50]} 11. b4 {[%emt 0:01:21]} Nb3 {[%emt 0:00:47]} 12. Ra2 {[%emt 0:00:28]} Bd6 {[%emt 0:02:00]} 13. Ne1 {[%emt 0:03:39]} Qc7 {[%emt 0:07:19]} 14. g3 {[%emt 0:00:47]} O-O {[%emt 0:09:18]} 15. Nb5 {[%emt 0:00:49]} Qb6 {[%emt 0:02:29]} 16. Nxd6 {[%emt 0:00:43]} Qxd6 {[%emt 0:00:21]} 17. Ng2 {[%emt 0:02:06]} Ne4 {[%emt 0:02:40]} 18. Bb2 {[%emt 0:01:16]} Ned2 {[%emt 0:01:39]} 19. Re1 {[%emt 0:01:11]} c3 {[%emt 0:00:42]} 20. Bxc3 {[%emt 0:05:52]} Rxc3 {[%emt 0:00:39]} 21. Nh4 {[%emt 0:02:00]} Rc1 {[%emt 0:00:48]} 22. Qxc1 {[%emt 0:02:17]} Nxc1 {[%emt 0:01:26]} 23. Nxf5 {[%emt 0:01:01]} Nxe2+ {[%emt 0:03:41]} 24. Rxe2 {[%emt 0:00:27]} Qf6 {[%emt 0:01:00]} 25. Raxd2 {[%emt 0:03:52]} Qxf5 {[%emt 0:00:53]} 26. Rc2 {[%emt 0:01:05]} h6 {[%emt 0:01:23]} 27. Rc7 {[%emt 0:01:08]} g5 {[%emt 0:02:08]} 28. Rxb7 {[%emt 0:00:29]} Rc8 {[%emt 0:00:52]} 29. Kg2 {[%emt 0:02:07]} g4 {[%emt 0:00:27]} 30. Kf1 {[%emt 0:02:04]} Qb1+ {[%emt 0:01:15]} 31. Re1 {[%emt 0:01:27]} Qd3+ {[%emt 0:00:35]} 32. Kg2 {[%emt 0:01:56]} Qe4+ {[%emt 0:00:29]} 33. Kg1 {[%emt 0:01:26]} Qf3 {[%emt 0:00:52]} 34. Rxa7 {[%emt 0:00:32]} Rc2 {[%emt 0:00:48]} 35. Ra8+ {[%emt 0:00:54]} Kg7 {[%emt 0:00:09]} 36. Rf1 {[%emt 0:00:08]} h5 {[%emt 0:02:11]} 37. b5 {[%emt 0:00:36]} Rb2 {[%emt 0:00:39]} 38. Rb8 {[%emt 0:00:34]} Qe2 {[%emt 0:00:45]} 39. a4 {[%emt 0:02:04]} Qc2 {[%emt 0:03:17]} 40. a5 {[%emt 0:01:36]} Qa4 {[%emt 0:00:55]} 41. a6 {[%emt 0:32:35]} Rxb5 {[%emt 0:30:50]} 42. Rxb5 {[%emt 0:00:24]} Qxb5 {[%emt 0:00:07]} 43. Ra1 {[%emt 0:00:18]} Qb2 {[%emt 0:01:36]} 44. Ra4 {[%emt 0:02:44]} Qe2 {[%emt 0:02:18]} 45. Ra1 {[%emt 0:02:06]} Qb2 {[%emt 0:00:46]} 46. Ra4 {[%emt 0:00:21]} Qb5 {[%emt 0:00:18]} 47. Ra1 {[%emt 0:01:43]} Qb8 {[%emt 0:00:31]} 48. a7 {[%emt 0:00:41]} Qa8 {[%emt 0:00:08]} 49. Kf1 {[%emt 0:00:24]} Kf6 {[%emt 0:01:33]} 50. Ke2 {[%emt 0:00:13]} Kf5 {[%emt 0:00:34]} 51. Kd3 {[%emt 0:00:28]} f6 {[%emt 0:01:57]} 52. Ra6 {[%emt 0:01:25]} Kg5 {[%emt 0:00:40]} 53. Kc3 {[%emt 0:00:55]} Qc8+ {[%emt 0:00:19]} 54. Kb4 {[%emt 0:01:22]} Qxa6 {[%emt 0:00:14]} 55. Kc5 {[%emt 0:00:30]} Qxa7+ {[%emt 0:00:30]} 56. Kxd5 {[%emt 0:00:15]} Qd7+ {[%emt 0:00:49]} 57. Kc4 {[%emt 0:00:29]} Kf5 {[%emt 0:01:26]} 58. d5 {[%emt 0:00:49]} Ke5 {[%emt 0:00:08]} 59. Kd3 {[%emt 0:02:34]} Qxd5+ {[%emt 0:00:14]} 60. Ke2 {[%emt 0:00:23]} Qf3+ {[%emt 0:01:07]} 61. Kf1 {[%emt 0:01:10]} Qd1+ {[%emt 0:00:49]} 62. Kg2 {[%emt 0:00:12]} Kd5 {[%emt 0:00:13]} 63. h3 {[%emt 0:00:21]} Ke4 {[%emt 0:00:07]} 64. h4 {[%emt 0:01:02]} f5 {[%emt 0:02:32]} 65. Kh2 {[%emt 0:00:49]} Kf3 {[%emt 0:00:22]} 66. e4 {[%emt 0:00:22]} Qf1 {[%emt 0:00:15]} 0-1

[Event "FIDE Open Sachove Univerzity QCC"]
[Site "Ceske Budejovice"]
[Date "2020.07.06"]
[Round "6.7"]
[White "Berka, Lubos"]
[Black "Janouskova, Adela"]
[Result "1/2-1/2"]
[WhiteElo "1718"]
[BlackElo "1377"]
[Annotator "NA"]
[PlyCount "33"]
[EventDate "2020.07.01"]
[EventType "swiss"]
[EventCountry "CZE"]
[SourceTitle "playchess.com"]
[Source "ChessBase"]
[SourceQuality "1"]
[TimeControl "40/5400+30:1800+30"]

1. c4 {[%emt 0:00:00]} e5 {[%emt 0:00:00]} 2. Nc3 {[%emt 0:00:00]} d6 {[%emt 0:00:55]} 3. e3 {[%emt 0:00:25]} Nc6 {[%emt 0:01:06]} 4. h3 {[%emt 0:03:11]} Nf6 {[%emt 0:00:56]} 5. Nge2 {[%emt 0:00:52]} Be7 {[%emt 0:00:33]} 6. Ng3 {[%emt 0:02:24]} O-O {[%emt 0:02:43]} 7. Be2 {[%emt 0:00:56]} Be6 {[%emt 0:01:33]} 8. O-O {[%emt 0:00:19]} d5 {[%emt 0:05:29]} 9. cxd5 {[%emt 0:00:25]} Nxd5 {[%emt 0:00:19]} 10. b3 {[%emt 0:04:56]} Qd7 {[%emt 0:02:00]} 11. Bb2 {[%emt 0:12:54]} Bf6 {[%emt 0:03:54]} 12. Qc1 {[%emt 0:10:31]} Ndb4 {[%emt 0:01:48]} 13. Qb1 {[%emt 0:14:14]} Qxd2 {[%emt 0:12:46]} 14. Nce4 {[%emt 0:00:47]} Qd8 {[%emt 0:00:23]} 15. Nxf6+ {[%emt 0:00:57]} Qxf6 {[%emt 0:01:00]} 16. f4 {[%emt 0:01:01]} Qh6 {[%emt 0:01:23]} 17. Nf5 {[%emt 0:05:21]} 1/2-1/2

[Event "FIDE Open Sachove Univerzity QCC"]
[Site "Ceske Budejovice"]
[Date "2020.07.06"]
[Round "6.7"]
[White "Dobsinsky, Petr"]
[Black "Berkovec, Jakub"]
[Result "1-0"]
[WhiteElo "1248"]
[BlackElo "1224"]
[Annotator "NA RC"]
[PlyCount "31"]
[EventDate "2020.07.01"]
[EventType "swiss"]
[EventCountry "CZE"]
[SourceTitle "playchess.com"]
[Source "ChessBase"]
[SourceQuality "1"]
[TimeControl "40/5400+30:1800+30"]

1. Nf3 {[%emt 0:00:14]} d5 {[%emt 0:00:00]} 2. c4 {[%emt 0:00:18]} e6 {[%emt 0:00:56]} 3. Nc3 {[%emt 0:00:19]} f5 4. e3 {[%emt 0:00:07]} c6 {[%emt 0:02:58]} 5. Ne5 {[%emt 0:01:19]} Bd6 {[%emt 0:01:51]} 6. Qh5+ {[%emt 0:00:17]} g6 {[%emt 0:05:34]} 7. Nxg6 {[%emt 0:03:01]} hxg6 {[%emt 0:00:00]} 8. Qxh8 {[%emt 0:00:19]} Kf8 {[%emt 0:03:19]} 9. cxd5 {[%emt 0:01:03]} exd5 {[%emt 0:01:35]} 10. e4 {[%emt 0:02:01]} Qe8 {[%emt 0:03:25]} 11. d3 {[%emt 0:00:33]} Qd8 {[%emt 0:03:32]} 12. Bh6+ {[%emt 0:00:23]} Kf7 {[%emt 0:06:03]} 13. Qg7+ {[%emt 0:00:47]} Ke6 {[%emt 0:02:28]} 14. Qxg6+ {[%emt 0:01:14]} Ke5 {[%emt 0:04:23]} 15. f4+ {[%emt 0:02:02]} Kd4 {[%emt 0:03:32]} 16. Bg7+ {[%emt 0:03:45]} 1-0

[Event "FIDE Open Sachove Univerzity QCC"]
[Site "Ceske Budejovice"]
[Date "2020.07.06"]
[Round "6.8"]
[White "Finek, Vaclav"]
[Black "Molnar, Ladislav"]
[Result "0-1"]
[WhiteElo "2210"]
[BlackElo "1712"]
[Annotator "TA"]
[PlyCount "106"]
[EventDate "2020.07.01"]
[EventType "swiss"]
[EventCountry "CZE"]
[SourceTitle "playchess.com"]
[Source "ChessBase"]
[SourceQuality "1"]

{[%evp 16,106,29,25,47,25,33,37,60,58,68,43,36,36,46,0,0,4,3,5,3,3,75,81,86,90,84,93,112,10,10,0,0,-11,0,0,0,0,0,0,0,0,41,0,0,-38,0,-68,-39,-51,-33,-28,-9,-66,-42,-31,0,-180,-181,-194,-194,-194,-194,-197,-149,-213,-122,-676,-657,-684,-697,-1389,-1121,-1056,-1489,-1469,-1190,-1396,-1146,-906,-558,-6540,-6391,-5297,-5639,-3813,-3491,-1885,-2168,-29981,-29981,-29977,-6378]} 1. b3 b6 2. Bb2 Bb7 3. c4 e6 4. e3 Nf6 5. Nf3 c5 6. Nc3 Be7 7. g3 O-O 8. Bg2 d6 9. O-O h6 {[#] A30: Symmetrical English: Double Fianchetto and Hedgehog.} 10. Qe2 $146 ({Predecessor:} 10. d4 Nbd7 11. Re1 a6 12. d5 exd5 13. Nxd5 Nxd5 14. cxd5 Bf6 15. Rb1 Bxb2 16. Rxb2 Re8 17. Nh4 {0-1 (35) Langschmidt,D (1944)-Buchmann,H (2148) Remote email 2014}) 10... Qc7 11. Rfd1 d5 {White is slightly better.} 12. cxd5 Nxd5 13. Nxd5 Bxd5 14. Rac1 Nd7 15. d4 Qb7 16. dxc5 Nxc5 17. Ne1 {next Qg4! is good for White.} Bxg2 18. Qg4 {[%csl Gb2][%cal Rg4g7]} f6 (18... Bg5 $11 {remains equal.} 19. Nxg2 Ne4) 19. Nxg2 $16 Rfd8 20. Nf4 {And now b4 would win.} Rxd1+ 21. Rxd1 Qe4 22. Qe2 ({White should try} 22. Ba3 $16) 22... Rd8 $11 23. Rxd8+ Bxd8 24. Qb5 Kf7 {Hoping for ...Qb1+.} 25. Ba3 a6 $36 {[%mdl 2048] Black has the initiative.} 26. Qe2 e5 27. Bxc5 {Strongly threatening Nd3.} exf4 28. Bd4 f3 29. Qc4+ Kg6 30. Qc1 b5 31. Bc3 (31. h4 $11) 31... Be7 32. Qd1 Bc5 33. Kf1 h5 34. h3 (34. h4 $11) 34... Qf5 35. Ke1 Qe4 36. Kd2 $2 (36. Kf1 $1 $11 {and White stays safe.}) 36... Qd5+ $1 $19 37. Kc2 Qxd1+ $1 38. Kxd1 {[%mdl 4096] Endgame [#] KB-KB} Kf5 $1 39. Kd2 Ke4 40. Ba5 {[#]} (40. a3 $17) 40... Be7 (40... f5 $1 $19 41. Bc3 g5) 41. a4 $2 {[%mdl 8192] White does not recover from this.} (41. Bc3 $17) 41... g5 42. Kc3 f5 43. axb5 axb5 44. Bc7 Bc5 45. Kd2 Bb4+ 46. Kd1 Bc3 47. Bd8 g4 48. h4 Kd3 49. Bc7 Bb2 50. Ba5 Ba3 51. Bd2 Bd6 52. Ke1 Be5 53. Kd1 {[#]} Bxg3 $1 {[%mdl 576] Promotion. Accuracy: White = 56%, Black = 84%.} 0-1

[Event "FIDE Open Sachove Univerzity QCC"]
[Site "Ceske Budejovice"]
[Date "2020.07.06"]
[Round "6.9"]
[White "Rychlik, Zdenek"]
[Black "Kamleiter, Noah"]
[Result "1/2-1/2"]
[WhiteElo "1701"]
[BlackElo "1463"]
[Annotator "NA"]
[PlyCount "47"]
[EventDate "2020.07.01"]
[EventType "swiss"]
[EventCountry "CZE"]
[SourceTitle "playchess.com"]
[Source "ChessBase"]
[SourceQuality "1"]
[TimeControl "40/5400+30:1800+30"]

1. f4 {[%emt 0:01:11]} d5 {[%emt 0:01:30]} 2. d4 {[%emt 0:00:45]} e6 {[%emt 0:00:51]} 3. Nf3 {[%emt 0:00:07]} Nf6 {[%emt 0:04:15]} 4. e3 {[%emt 0:00:55]} c5 {[%emt 0:05:16]} 5. Bb5+ {[%emt 0:04:10]} Bd7 {[%emt 0:02:04]} 6. Bxd7+ {[%emt 0:00:22]} Qxd7 {[%emt 0:00:06]} 7. O-O {[%emt 0:00:17]} Nc6 {[%emt 0:08:46]} 8. c3 {[%emt 0:01:31]} Bd6 {[%emt 0:04:26]} 9. Ne5 {[%emt 0:02:01]} Qc7 {[%emt 0:02:19]} 10. Nd2 {[%emt 0:02:53]} O-O {[%emt 0:05:10]} 11. Qf3 {[%emt 0:05:44]} Nd7 {[%emt 0:08:00]} 12. Qh3 {[%emt 0:01:58]} Ncxe5 {[%emt 0:06:58]} 13. fxe5 {[%emt 0:00:52]} Be7 {[%emt 0:00:13]} 14. Nf3 {[%emt 0:00:41]} Qb6 {[%emt 0:04:51]} 15. Qg3 {[%emt 0:06:56]} f6 {[%emt 0:04:26]} 16. b4 {[%emt 0:07:02]} cxd4 {[%emt 0:06:34]} 17. cxd4 {[%emt 0:06:58]} Qxb4 {[%emt 0:06:36]} 18. Bd2 {[%emt 0:00:26]} Qb6 {[%emt 0:01:28]} 19. Rab1 {[%emt 0:03:39]} Qa6 {[%emt 0:02:46]} 20. exf6 {[%emt 0:08:58]} Nxf6 {[%emt 0:00:28]} 21. Qc7 {[%emt 0:01:26]} Bd6 {[%emt 0:03:47]} 22. Qxb7 {[%emt 0:00:44]} Qxb7 {[%emt 0:01:00]} 23. Rxb7 {[%emt 0:00:12]} Rfb8 {[%emt 0:00:41]} 24. Rfb1 {[%emt 0:06:22]} 1/2-1/2

[Event "FIDE Open Sachove Univerzity QCC"]
[Site "Ceske Budejovice"]
[Date "2020.07.06"]
[Round "6.9"]
[White "Bara, Jan"]
[Black "Predota, Vit"]
[Result "1-0"]
[WhiteElo "1128"]
[BlackElo "1233"]
[Annotator "NA"]
[PlyCount "139"]
[EventDate "2020.07.01"]
[EventType "swiss"]
[EventCountry "CZE"]
[SourceTitle "playchess.com"]
[Source "ChessBase"]
[SourceQuality "1"]
[TimeControl "40/5400+30:1800+30"]

1. d4 {[%emt 0:00:00]} d5 {[%emt 0:00:00]} 2. c4 {[%emt 0:00:00]} dxc4 {[%emt 0:00:00]} 3. e4 {[%emt 0:00:00]} Nc6 {[%emt 0:00:05]} 4. d5 {[%emt 0:00:00]} Nb8 {[%emt 0:01:37]} 5. Bxc4 {[%emt 0:00:00]} e6 {[%emt 0:00:39]} 6. Nf3 {[%emt 0:00:41]} exd5 {[%emt 0:00:29]} 7. Qxd5 {[%emt 0:03:35]} Qxd5 {[%emt 0:00:43]} 8. Bxd5 {[%emt 0:00:35]} Nf6 {[%emt 0:00:34]} 9. Nc3 {[%emt 0:00:38]} Bb4 {[%emt 0:00:54]} 10. Bd2 {[%emt 0:02:00]} Bxc3 {[%emt 0:00:56]} 11. Bxc3 {[%emt 0:00:22]} c6 {[%emt 0:00:28]} 12. Bxf6 {[%emt 0:00:41]} cxd5 {[%emt 0:01:44]} 13. Bxg7 {[%emt 0:03:25]} Rg8 {[%emt 0:00:05]} 14. Be5 {[%emt 0:00:07]} dxe4 {[%emt 0:00:25]} 15. Nd2 {[%emt 0:00:54]} Nc6 {[%emt 0:00:45]} 16. Bf4 {[%emt 0:02:21]} Nb4 {[%emt 0:01:05]} 17. O-O {[%emt 0:03:19]} Nd3 {[%emt 0:03:41]} 18. Nxe4 {[%emt 0:13:09]} Nxf4 {[%emt 0:01:48]} 19. Nf6+ {[%emt 0:01:28]} Kf8 {[%emt 0:00:16]} 20. Nxg8 {[%emt 0:00:22]} Kxg8 {[%emt 0:00:15]} 21. Rfe1 {[%emt 0:03:47]} Be6 {[%emt 0:00:23]} 22. b3 {[%emt 0:10:11]} Rc8 {[%emt 0:07:42]} 23. h3 {[%emt 0:06:54]} Rc2 {[%emt 0:02:54]} 24. Re3 {[%emt 0:13:54]} Ne2+ {[%emt 0:02:31]} 25. Kf1 {[%emt 0:08:51]} Nc3 {[%emt 0:00:36]} 26. Rg3+ {[%emt 0:07:47]} Kf8 {[%emt 0:02:28]} 27. Rg5 {[%emt 0:01:07]} Nxa2 {[%emt 0:04:51]} 28. Ra5 {[%emt 0:04:23]} Bxb3 {[%emt 0:01:17]} 29. Rxa7 {[%emt 0:00:52]} Bc4+ {[%emt 0:01:11]} 30. Kg1 {[%emt 0:00:41]} b5 {[%emt 0:00:28]} 31. Ra8+ {[%emt 0:06:11]} Kg7 {[%emt 0:00:34]} 32. Ra3 {[%emt 0:01:35]} b4 {[%emt 0:01:55]} 33. Rg3+ {[%emt 0:01:21]} Kf8 {[%emt 0:00:51]} 34. Rg4 {[%emt 0:00:49]} b3 {[%emt 0:00:36]} 35. Rb1 {[%emt 0:01:33]} Bd3 {[%emt 0:02:07]} 36. Rxb3 {[%emt 0:03:02]} Bf5 {[%emt 0:01:24]} 37. Rf4 {[%emt 0:00:36]} Bg6 {[%emt 0:00:12]} 38. Rb8+ {[%emt 0:00:25]} Kg7 {[%emt 0:00:09]} 39. Rg4 {[%emt 0:00:26]} Rc1+ {[%emt 0:00:29]} 40. Kh2 {[%emt 0:00:08]} Nc3 {[%emt 0:00:24]} 41. h4 {[%emt 0:31:33]} h5 {[%emt 0:30:31]} 42. Rc4 {[%emt 0:00:00]} Ne2 {[%emt 0:00:00]} 43. Rxc1 {[%emt 0:00:00]} Nxc1 {[%emt 0:00:00]} 44. Kg3 {[%emt 0:00:00]} Ne2+ {[%emt 0:00:00]} 45. Kf3 {[%emt 0:00:00]} Nd4+ {[%emt 0:00:00]} 46. Ke3 {[%emt 0:00:00]} Nf5+ {[%emt 0:00:00]} 47. Kf4 {[%emt 0:00:00]} Nxh4 {[%emt 0:00:00]} 48. g3 {[%emt 0:00:00]} Ng2+ {[%emt 0:00:00]} 49. Ke5 {[%emt 0:00:00]} Ne1 {[%emt 0:00:00]} 50. Kd6 {[%emt 0:00:00]} Nd3 {[%emt 0:00:00]} 51. f4 {[%emt 0:00:00]} Nf2 {[%emt 0:00:00]} 52. Ke5 {[%emt 0:00:00]} Bc2 {[%emt 0:00:00]} 53. Kd4 {[%emt 0:00:00]} Nh1 {[%emt 0:00:00]} 54. Rb5 {[%emt 0:00:00]} Kh6 {[%emt 0:00:00]} 55. g4 {[%emt 0:00:00]} hxg4 {[%emt 0:00:00]} 56. Rb2 {[%emt 0:00:00]} g3 {[%emt 0:00:00]} 57. Rxc2 {[%emt 0:00:00]} Kh5 {[%emt 0:00:00]} 58. Ke3 {[%emt 0:00:00]} Kg4 {[%emt 0:00:00]} 59. Rc8 {[%emt 0:00:00]} Kh3 {[%emt 0:00:00]} 60. Kf3 {[%emt 0:00:00]} Kh2 {[%emt 0:00:00]} 61. Rh8+ {[%emt 0:00:00]} Kg1 {[%emt 0:00:00]} 62. Rxh1+ {[%emt 0:00:00]} Kxh1 {[%emt 0:00:00]} 63. Kxg3 {[%emt 0:00:00]} Kg1 {[%emt 0:00:00]} 64. f5 {[%emt 0:00:00]} Kf1 {[%emt 0:00:00]} 65. f6 {[%emt 0:00:00]} Ke2 {[%emt 0:00:00]} 66. Kf4 {[%emt 0:00:00]} Kd3 {[%emt 0:00:00]} 67. Ke5 {[%emt 0:00:00]} Kc4 {[%emt 0:00:00]} 68. Kd6 {[%emt 0:00:00]} Kd4 {[%emt 0:00:00]} 69. Ke7 {[%emt 0:00:00]} Ke5 {[%emt 0:00:00]} 70. Kxf7 {[%emt 0:00:00]} 1-0

[Event "FIDE Open Sachove Univerzity QCC"]
[Site "Ceske Budejovice"]
[Date "2020.07.06"]
[Round "6.10"]
[White "Svejda, Karel"]
[Black "Matlocha, Lubomir"]
[Result "0-1"]
[WhiteElo "1387"]
[BlackElo "1646"]
[Annotator "NA"]
[PlyCount "48"]
[EventDate "2020.07.01"]
[EventType "swiss"]
[EventCountry "CZE"]
[SourceTitle "playchess.com"]
[Source "ChessBase"]
[SourceQuality "1"]
[TimeControl "40/5400+30:1800+30"]

1. e4 {[%emt 0:00:00]} d6 {[%emt 0:00:08]} 2. d4 {[%emt 0:00:00]} g6 {[%emt 0:00:01]} 3. Nf3 {[%emt 0:00:29]} Bg7 {[%emt 0:00:02]} 4. Nc3 {[%emt 0:00:24]} c6 {[%emt 0:00:50]} 5. Be3 {[%emt 0:00:48]} Nf6 {[%emt 0:01:35]} 6. Qd2 {[%emt 0:02:34]} b5 {[%emt 0:07:54]} 7. Bd3 {[%emt 0:03:51]} Nbd7 {[%emt 0:04:15]} 8. O-O {[%emt 0:04:03]} O-O {[%emt 0:00:13]} 9. Bh6 {[%emt 0:01:09]} e5 {[%emt 0:04:38]} 10. Bxg7 {[%emt 0:01:12]} Kxg7 {[%emt 0:00:07]} 11. a4 {[%emt 0:05:44]} b4 {[%emt 0:04:29]} 12. Ne2 {[%emt 0:01:49]} a5 {[%emt 0:00:32]} 13. c3 {[%emt 0:02:50]} c5 {[%emt 0:02:42]} 14. Rfd1 {[%emt 0:12:37]} cxd4 {[%emt 0:10:36]} 15. cxd4 {[%emt 0:00:12]} Bb7 {[%emt 0:04:16]} 16. Ng3 {[%emt 0:05:02]} exd4 {[%emt 0:17:05]} 17. Nxd4 {[%emt 0:01:49]} Nc5 {[%emt 0:13:34]} 18. f3 {[%emt 0:05:02]} Qb6 {[%emt 0:04:45]} 19. Kh1 {[%emt 0:08:56]} Rac8 {[%emt 0:05:28]} 20. Ndf5+ {[%emt 0:09:06]} Kh8 {[%emt 0:01:37]} 21. Qh6 {[%emt 0:11:26]} Ne6 {[%emt 0:00:16]} 22. Bb5 {[%emt 0:19:14]} Ng8 {[%emt 0:00:38]} 23. Rxd6 {[%emt 0:00:49]} Qxd6 {[%emt 0:00:38]} 24. Nxd6 {[%emt 0:00:33]} Nxh6 {[%emt 0:00:23]} 0-1

[Event "FIDE Open Sachove Univerzity QCC"]
[Site "Ceske Budejovice"]
[Date "2020.07.06"]
[Round "6.11"]
[White "Svadlenka, Michal"]
[Black "Zelbova, Lada"]
[Result "0-1"]
[WhiteElo "1395"]
[BlackElo "1637"]
[Annotator "NA"]
[PlyCount "58"]
[EventDate "2020.07.01"]
[EventType "swiss"]
[EventCountry "CZE"]
[SourceTitle "playchess.com"]
[Source "ChessBase"]
[SourceQuality "1"]
[TimeControl "40/5400+30:1800+30"]

1. e4 {[%emt 0:00:00]} c5 {[%emt 0:00:00]} 2. Nf3 {[%emt 0:00:00]} d6 {[%emt 0:00:00]} 3. d4 {[%emt 0:00:13]} cxd4 {[%emt 0:00:00]} 4. Nxd4 {[%emt 0:00:23]} Nf6 {[%emt 0:00:00]} 5. Nc3 {[%emt 0:00:27]} a6 {[%emt 0:00:00]} 6. Be3 {[%emt 0:01:21]} e5 {[%emt 0:00:26]} 7. Nb3 {[%emt 0:00:41]} Be6 {[%emt 0:00:25]} 8. f3 {[%emt 0:02:13]} Be7 {[%emt 0:02:00]} 9. g4 {[%emt 0:02:53]} O-O {[%emt 0:07:56]} 10. Qd2 {[%emt 0:03:40]} a5 {[%emt 0:02:53]} 11. Na4 {[%emt 0:03:05]} Nbd7 {[%emt 0:03:50]} 12. Bb5 {[%emt 0:05:03]} Qc7 {[%emt 0:17:53]} 13. g5 {[%emt 0:10:12]} Nh5 {[%emt 0:01:02]} 14. f4 {[%emt 0:05:01]} exf4 {[%emt 0:07:10]} 15. Bxf4 {[%emt 0:02:54]} Nxf4 {[%emt 0:02:01]} 16. Qxf4 {[%emt 0:01:14]} Qxc2 {[%emt 0:02:01]} 17. O-O {[%emt 0:02:22]} Qc7 {[%emt 0:13:00]} 18. Rac1 {[%emt 0:07:38]} Qd8 {[%emt 0:00:56]} 19. h4 {[%emt 0:07:22]} Nb6 {[%emt 0:03:07]} 20. e5 {[%emt 0:01:39]} Nxa4 {[%emt 0:01:41]} 21. Bxa4 {[%emt 0:01:51]} Qb6+ {[%emt 0:03:01]} 22. Kh2 {[%emt 0:02:04]} dxe5 {[%emt 0:01:04]} 23. Qe4 {[%emt 0:01:49]} Rfd8 {[%emt 0:01:25]} 24. h5 {[%emt 0:05:17]} Bd5 {[%emt 0:04:39]} 25. Qf5 {[%emt 0:03:20]} Qb4 {[%emt 0:03:04]} 26. Rc3 {[%emt 0:03:23]} Qxa4 {[%emt 0:03:29]} 27. g6 {[%emt 0:01:21]} fxg6 {[%emt 0:00:55]} 28. hxg6 {[%emt 0:00:50]} h6 {[%emt 0:00:50]} 29. Nc5 {[%emt 0:02:00]} Bxc5 {[%emt 0:01:00]} 0-1

[Event "FIDE Open Sachove Univerzity QCC"]
[Site "Ceske Budejovice"]
[Date "2020.07.06"]
[Round "6.12"]
[White "Garabik, Marek"]
[Black "Cipera, Josef"]
[Result "1/2-1/2"]
[WhiteElo "1363"]
[BlackElo "1612"]
[Annotator "NA RC"]
[PlyCount "27"]
[EventDate "2020.07.01"]
[EventType "swiss"]
[EventCountry "CZE"]
[SourceTitle "playchess.com"]
[Source "ChessBase"]
[SourceQuality "1"]
[TimeControl "40/5400+30:1800+30"]

1. e4 {[%emt 0:00:51]} c5 {[%emt 0:00:00]} 2. Nf3 {[%emt 0:00:04]} a6 {[%emt 0:00:00]} 3. c3 {[%emt 0:00:05]} d6 {[%emt 0:01:12]} 4. d4 {[%emt 0:00:08]} cxd4 {[%emt 0:00:06]} 5. cxd4 {[%emt 0:02:11]} Nf6 {[%emt 0:00:53]} 6. Nc3 {[%emt 0:01:56]} e6 {[%emt 0:01:20]} 7. Be2 {[%emt 0:04:09]} Be7 {[%emt 0:00:29]} 8. O-O {[%emt 0:00:15]} O-O {[%emt 0:00:23]} 9. Bg5 {[%emt 0:00:36]} h6 {[%emt 0:01:23]} 10. Bxf6 {[%emt 0:03:20]} Bxf6 {[%emt 0:00:20]} 11. e5 {[%emt 0:00:05]} Be7 {[%emt 0:01:03]} 12. exd6 {[%emt 0:00:58]} Bxd6 {[%emt 0:02:10]} 13. d5 {[%emt 0:03:42]} Qe7 {[%emt 0:06:13]} 14. Bc4 {[%emt 0:03:42]} 1/2-1/2

[Event "FIDE Open Sachove Univerzity QCC"]
[Site "Ceske Budejovice"]
[Date "2020.07.06"]
[Round "6.13"]
[White "Valtr, Filip"]
[Black "Kaucky, Jaroslav"]
[Result "1-0"]
[WhiteElo "1784"]
[BlackElo "1573"]
[Annotator "NA"]
[PlyCount "59"]
[EventDate "2020.07.01"]
[EventType "swiss"]
[EventCountry "CZE"]
[SourceTitle "playchess.com"]
[Source "ChessBase"]
[SourceQuality "1"]
[TimeControl "40/5400+30:1800+30"]

1. e4 {[%emt 0:00:00]} e5 {[%emt 0:00:00]} 2. Nf3 {[%emt 0:00:00]} Nc6 {[%emt 0:00:00]} 3. d4 {[%emt 0:00:00]} exd4 {[%emt 0:00:32]} 4. Nxd4 {[%emt 0:00:00]} Nxd4 {[%emt 0:01:49]} 5. Qxd4 {[%emt 0:00:00]} Qe7 {[%emt 0:01:43]} 6. Bc4 {[%emt 0:02:56]} d6 {[%emt 0:01:17]} 7. Nc3 {[%emt 0:00:26]} Be6 {[%emt 0:02:39]} 8. O-O {[%emt 0:03:38]} Bxc4 {[%emt 0:04:44]} 9. Qxc4 {[%emt 0:00:09]} c6 {[%emt 0:00:44]} 10. Re1 {[%emt 0:02:06]} Qe6 {[%emt 0:02:43]} 11. Qb4 {[%emt 0:03:13]} O-O-O {[%emt 0:00:09]} 12. Bf4 {[%emt 0:01:17]} Be7 {[%emt 0:07:48]} 13. Qa5 {[%emt 0:05:30]} Kb8 {[%emt 0:00:03]} 14. a4 {[%emt 0:10:31]} Nf6 {[%emt 0:00:31]} 15. e5 {[%emt 0:00:59]} Qf5 {[%emt 0:01:45]} 16. Be3 {[%emt 0:01:35]} Ng4 {[%emt 0:01:54]} 17. Qxa7+ {[%emt 0:00:52]} Kc8 {[%emt 0:03:54]} 18. Bb6 {[%emt 0:02:55]} d5 {[%emt 0:01:26]} 19. Qa8+ {[%emt 0:00:25]} Kd7 {[%emt 0:00:16]} 20. Qxb7+ {[%emt 0:00:05]} Ke8 {[%emt 0:00:56]} 21. Qxc6+ {[%emt 0:01:50]} Qd7 {[%emt 0:00:47]} 22. Qxd7+ {[%emt 0:00:53]} Rxd7 {[%emt 0:00:23]} 23. Nb5 {[%emt 0:03:48]} Bd8 {[%emt 0:00:17]} 24. Nd6+ {[%emt 0:00:43]} Ke7 {[%emt 0:00:28]} 25. Bc5 {[%emt 0:00:25]} Kf8 {[%emt 0:03:16]} 26. e6 {[%emt 0:01:24]} Rc7 {[%emt 0:00:40]} 27. exf7 {[%emt 0:00:19]} Be7 {[%emt 0:00:59]} 28. Rxe7 {[%emt 0:01:03]} Rxe7 {[%emt 0:00:20]} 29. Nf5 {[%emt 0:00:06]} Kxf7 {[%emt 0:01:05]} 30. Nxe7 {[%emt 0:00:09]} 1-0